000 00547nam a2200205Ia 4500
005 20241129110242.0
008 241129s9999||||xx |||||||||||||| ||und||
037 _aTB
040 _aARTS
_beng
_cARTS
041 _aeng
_2urd
084 _aO168,1N35x Q2
_qARTS
100 _aKanwal G R Au.
_9193991
245 0 _aNaqsh-o-nigar
_cKanwal G R Au.
260 _aNew Delhi, India
_bNew Lotus books
_c2024
300 _a200p.
365 _aINR
_b150
650 _aUrdu Poetry
942 _cTB
_hO168,1N35x Q2
999 _c1227900
_d1227900